| 000 | 00989nam0a22002651 4500 | ||
|---|---|---|---|
| 001 | v19\rc\1610981 | ||
| 005 | 20260406194950.0 | ||
| 035 | _a(NLR Aleph) 004731413 | ||
| 090 |
_a4446827 _c4446827 |
||
| 100 | _a20061002d1897 |||y0rusy50 ca | ||
| 101 | 0 | _arus | |
| 102 | _aRU | ||
| 105 | _ay z ||||| | ||
| 200 | 1 |
_aПоследовательная ведомость срока купонов процентных бумаг, котируемых на С.-Петербургской бирже _fСост. Ф.Ф.Б. |
|
| 210 |
_aСанкт-Петербург _cизд. типо-лит. А. Рабиновича и Ц. Крайза _d1897 |
||
| 215 |
_a[2], 32 с. _d21 |
||
| 702 | 0 |
_aФ. Ф. Б. _4220 |
|
| 710 | 0 | 2 |
_aСанкт-Петербургская биржа _3RU\NLR\AUTH\889958185 _9412462 |
| 801 | 0 |
_aRU _bNLR _gpsbo |
|
| 801 | 0 |
_aRU _bRuMoRGB _2psbo |
|
| 801 | 1 |
_aRU _bProSoft-M _2rusmarc |
|
| 852 |
_aNLR _j18.174.7.34 |
||
| 899 |
_aRuMoRGB _jP 112/703 |
||
| 942 | _cBOOK | ||
| 980 | _aNB | ||